Online
Catalog

Caidije / (Record no. 14042)

MARC details
000 -CABECERA
campo de control de longitud fija 00777cam a2200205 a 4500
001 - NÚMERO DE CONTROL
campo de control 000014453
005 - FECHA Y HORA DE LA ÚLTIMA TRANSACCIÓN
campo de control 20200929163843.0
008 - DATOS DE LONGITUD FIJA--INFORMACIÓN GENERAL
campo de control de longitud fija 920810s1988 cu ab b 001 0 spa
040 ## - FUENTE DE LA CATALOGACIÓN
Centro catalogador/agencia de origen DO-SdBNP
Lengua de catalogación spa
Centro/agencia transcriptor BNPHU
082 ## - NÚMERO DE LA CLASIFICACIÓN DECIMAL DEWEY
Número de clasificación 307.7
Número de documento/Ítem G913c
100 1# - ENTRADA PRINCIPAL--NOMBRE DE PERSONA
Nombre de persona Guanche, Jesús,
Fechas asociadas al nombre 1950-
9 (RLIN) 32620
245 10 - MENCIÓN DE TÍTULO
Título Caidije /
Mención de responsabilidad, etc. Jesús Guanche, Dennis Moreno ; edición Natividad Alfaro Pena.
260 ## - PUBLICACIÓN, DISTRIBUCIÓN, ETC.
Lugar de publicación, distribución, etc. Santiago de Cuba :
Nombre del editor, distribuidor, etc. Editorial Oriente,
Fecha de publicación, distribución, etc. 1988.
300 ## - DESCRIPCIÓN FÍSICA
Extensión 139 p. :
Otras características físicas il., mapas ;
Dimensiones 18 cm.
504 ## - NOTA DE BIBLIOGRAFÍA, ETC.
Nota de bibliografía, etc. Incluye referencias bibliográficas (p. 137-138).
650 #4 - PUNTO DE ACCESO ADICIONAL DE MATERIA--TÉRMINO DE MATERIA
Término de materia o nombre geográfico como elemento de entrada Haitianos
Subdivisión geográfica Caidije (Camagüey, Cuba{Rpara}
Subdivisión general Vida social y costumbres
9 (RLIN) 32621
650 #4 - PUNTO DE ACCESO ADICIONAL DE MATERIA--TÉRMINO DE MATERIA
Término de materia o nombre geográfico como elemento de entrada Inmigrantes
Subdivisión geográfica Cuba
-- Caidije
9 (RLIN) 32622
700 1# - PUNTO DE ACCESO ADICIONAL--NOMBRE DE PERSONA
Nombre de persona Moreno, Dennis,
Fechas asociadas al nombre 1939-
9 (RLIN) 32623
700 1# - PUNTO DE ACCESO ADICIONAL--NOMBRE DE PERSONA
Nombre de persona Alfaro Pena, Natividad
Término indicativo de función/relación ed.
9 (RLIN) 32624
Holdings
Estado de retiro Estado de pérdida Restricciones de uso No para préstamo Código de colección Localización permanente Ubicación/localización actual Ubicación en estantería Fecha de adquisición Número de inventario Total de préstamos Signatura topográfica completa Código de barras Fecha visto por última vez Precio válido a partir de Tipo de ítem Koha
      Excluido de préstamo Monografías: Libros y Folletos General General Depósito 16.12.2009 LF1   307.7 G913c 14453-10 25.06.2020 25.06.2020 No se presta
        Monografías: Libros y Folletos General General Orden iniciada 26.05.2017 LF1   307.7 G913c 14453-20 25.06.2020 25.06.2020 No se presta

Powered by Koha